000 00609nam a2200205Ii 4500
003 JO-AjNU
008 230605s9999||||xx |||||||||||||| ||und||
017 _a1989/1124
040 _aJO-AjNU
_bara
_erda
_cJO-AjNU
041 _aara
050 1 4 _aB53.M8748.1989
100 3 _aالموصلي،سامي أحمد,
_eauthor
_920342
245 0 0 _aالاسئلة الخالدة
264 3 1 _aد.م:د.ن ،1989
300 _a124ص
336 _atext
_btxt
_2rdacontent
337 _aunmediated
_bn
_2rdamedia
338 _avolume
_bnc
_2rdacarrier
650 4 _aالمعرفة - اختبارات-أسئلة
_920343
999 _aA6878
_c10446
_d10446